|
|
|
|
| LEADER |
00000ny a22000003n 4500 |
| 005 |
2011051003473.0 |
| 008 |
071129c20uu9999ag dr p s0 b0spa c |
| 035 |
|
|
|a 2086
|
| 040 |
|
|
|a SpMaUCMA
|d vLex
|
| 090 |
|
|
|c 1527
|d 1527
|
| 245 |
3 |
0 |
|a Boletn̕ oficial de la Provincia de Tucumǹ
|h [Recurso electrn̤ico]
|
| 246 |
3 |
|
|a BOTUC
|
| 256 |
|
|
|a Servicio en ln̕ea
|
| 260 |
|
|
|a Tucumǹ, Argentina :
|b BOTUC
|
| 310 |
|
|
|a Mensual
|
| 650 |
0 |
4 |
|a Derecho
|x Legislacin̤
|z Argentina
|z Tucumǹ
|x Publicaciones perid̤icas
|
| 740 |
0 |
|
|a vLex Revista (Servicios en ln̕ea)
|
| 843 |
|
|
|a Electrn̤ica. Abierta
|
| 853 |
|
|
|8 1
|i (year)
|j (month)
|k (day)
|
| 856 |
4 |
|
|z Acceso restringido
|u http://vlex.com/source/boletin-oficial-provincia-tucuman-2086
|
| 942 |
|
|
|c REV
|